Music Quiz

Random Music or Song Quiz

Song Spree - Elvis Presley Quiz Stats

 Plays Quiz Updated Feb 21, 2020

Support Sporcle.
Go Orange.
Score 0/206 Timer 08:00
0 Plays Today
Song % Correct
Song 1a
95.7%
Song 2a
95.7%
Song 2a
95.7%
Song 2a
95.7%
Song 3a
95.7%
Song 4A
95.7%
Song 4a
95.7%
Song 4a
95.7%
Song 4a
95.7%
Song 1I
94.4%
Song 1I
94.4%
Song 1I
94.4%
Song 1I
94.4%
Song 4I
94.4%
Song 1the
92.2%
Song 2the
92.2%
Song 2the
92.2%
Song 3The
92.2%
Song 3the
92.2%
Song 3The
92.2%
Song 3The
92.2%
Song 3the
92.2%
Song 3the
92.2%
Song 3the
92.2%
Song 5the
92.2%
Song 5the
92.2%
Song 1You
91.6%
Song 2You
91.6%
Song 2You
91.6%
Song 2you
91.6%
Song 2you
91.6%
Song 3You
91.6%
Song 5you
91.6%
Song 5you
91.6%
Song 5do
87.9%
Song 1me,
82.3%
Song 1me
82.3%
Song 4me?
82.3%
Song 2no
82.2%
Song 1of
81.4%
Song 2of
81.4%
Song 5of
81.4%
Song 1to
80.7%
Song 3to
80.7%
Song 3to
80.7%
Song 3to
80.7%
Song 5to
80.7%
Song 2but
79.6%
Song 2but
79.6%
Song 5But
79.6%
Song 5but
79.6%
Song 2and
78.9%
Song 3and
78.9%
Song 3and
78.9%
Song 4love.
78.8%
Song 1my
77.7%
Song 4my
77.7%
Song 4My
77.7%
Song 5my
77.7%
Song 5my
77.7%
Song 2all
76.8%
Song 2all
76.8%
Song 4all
76.8%
Song 3in
74.6%
Song 3in
74.6%
Song 4in
74.6%
Song 4on
74.5%
Song 5on
74.5%
Song 2time.
71%
Song % Correct
Song 2time.
71%
Song 2hound
69.9%
Song 2hound
69.9%
Song 2nothin'
69.4%
Song 2nothin'
69.4%
Song 2ain't
69.4%
Song 2ain't
69.4%
Song 2ain't
69.4%
Song 2ain't
69.4%
Song 2dog
69.3%
Song 2dog
69.3%
Song 2mine.
67.6%
Song 1Well,
67.6%
Song 2Well,
67.6%
Song 4well
67.6%
Song 5Well,
67.6%
Song 5Well,
67.6%
Song 2friend
67.1%
Song 5can
66.7%
Song 1so
66.3%
Song 1so
66.3%
Song 1so
66.3%
Song 5go,
66%
Song 5go.
66%
Song 2cryin'
62.6%
Song 2cryin'
62.6%
Song 5blue
62%
Song 5blue
62%
Song 5don't
61.1%
Song 1It's
61%
Song 5it's
61%
Song 5shoes.
59.1%
Song 5shoes.
59.1%
Song 2never
58.7%
Song 5suede
58.6%
Song 5suede
58.6%
Song 5for
58%
Song 5for
58%
Song 1get
55.4%
Song 1get
55.4%
Song 5get
55.4%
Song 1baby
55.4%
Song 1baby,
55.4%
Song 1at
54.3%
Song 1at
54.3%
Song 5step
53.8%
Song 2rabbit
52.6%
Song 2caught
52.5%
Song 5one
51.9%
Song 1hotel.
51.1%
Song 1heartbreak
50.9%
Song 1could
50.5%
Song 5Now
50%
Song 1lonely
49.8%
Song 1lonely
49.8%
Song 1lonely,
49.8%
Song 1lonely
49.8%
Song 5Two
49.7%
Song 3jail.
48.5%
Song 1left
48.2%
Song 5show,
48.1%
Song 5Three
48%
Song 5money,
48%
Song 3rock,
47.5%
Song 3rock.
47.5%
Song 3rock.
47.5%
Song 5anything
47.5%
Song 5off
46.7%
Song 1place
46.6%
Song % Correct
Song 1since
46.4%
Song 1down
46.3%
Song 5ready,
45.9%
Song 1new
45.6%
Song 4I'm
44.9%
Song 4I'm
44.9%
Song 4I'm
44.9%
Song 4I'm
44.9%
Song 1end
44.2%
Song 1street
44%
Song 1die.
44%
Song 1found
44%
Song 1dwell.
43%
Song 4up.
42.5%
Song 4with
42.4%
Song 5cat,
41.8%
Song 3was
40.9%
Song 3was
40.9%
Song 3was
40.9%
Song 3jailhouse
38.3%
Song 3they
38.1%
Song 4like
37.3%
Song 4shook
37.1%
Song 3there
36.2%
Song 1make
36%
Song 3county
35.8%
Song 4as
34.7%
Song 4man
34.4%
Song 4say
32.5%
Song 5lay
31.9%
Song 3Let's
30.8%
Song 3let's
30.8%
Song 3dancin'
30.7%
Song 3party
29.7%
Song 3warden
29.5%
Song 4wrong
29.1%
Song 4What's
29.1%
Song 3everybody,
28.8%
Song 3Everybody
28.8%
Song 3cell
28%
Song 4soul.
27.8%
Song 3whole
27.5%
Song 4bless
27.3%
Song 3block
27.2%
Song 4tree.
26.7%
Song 3threw
26.6%
Song 3began
25.9%
Song 3began
25.9%
Song 3wail.
25.7%
Song 3prison
24.5%
Song 3sing.
24.1%
Song 3band
21.1%
Song 3band
21.1%
Song 3out
20.4%
Song 4friends
20.3%
Song 4fuzzy
19.4%
Song 4itching
18.6%
Song 3heard
18.1%
Song 4bug.
17.3%
Song 3those
16.3%
Song 3swing.
15.3%
Song 4actin'
14.8%
Song 3should've
13.9%
Song 4wild
13.6%
Song 3jailbirds
13.5%
Song 3jumpin'
13.2%
Song 3joint
10.1%
Song 3knocked
9.8%

You're not logged in!

Compare scores with friends on all Sporcle quizzes.
OR
Log In

From the Vault

Ends in Double Vowel

by Hullabaloo

The more vowels you add to the end of a word, the more excited you should sound when saying it.
Remove Ads.
Support Sporcle.
Get the best of Sporcle when you Go Orange. This ad-free experience offers more features, more stats, and more fun while also helping to support Sporcle. Thank you for becoming a member.

Show Comments

Extras

Top Quizzes Today


Score Distribution

Your Account Isn't Verified!

In order to create a playlist on Sporcle, you need to verify the email address you used during registration. Go to your Sporcle Settings to finish the process.

Report this User

Report this user for behavior that violates our Community Guidelines.

Details: